Gaming Quiz

Random Gaming Quiz
Score 0/300 Timer 20:00
0 Plays Today
Hint Answer % Correct
99/ST/PortugalCristiano Ronaldo
100%
99/RW/ArgentiniaLionel Messi
100%
99/RW/ArgentiniaLionel Messi
100%
99/ST/PortugalCristiano Ronaldo
100%
99/CF/ArgentiniaLionel Messi
100%
98/LW/PortugalCristiano Ronaldo
100%
98/RW/ArgentiniaLionel Messi
100%
98/ST/PortugalCristiano Ronaldo
100%
97/ST/BrazilRonaldo
100%
97/RW/ArgentiniaLionel Messi
100%
96/ST/PortugalCristiano Ronaldo
100%
96/ST/ArgentiniaLionel Messi
100%
96/ST/BrazilRonaldo
100%
95/ST/PortugalCristiano Ronaldo
100%
95/RW/ArgentiniaLionel Messi
100%
95/CF/ArgentiniaLionel Messi
100%
95/ST/PortugalCristiano Ronaldo
100%
94/ST/BrazilRonaldo
100%
94/ST/PortugalCristiano Ronaldo
100%
94/CF/ArgentiniaLionel Messi
100%
99/CAM/BrazilPele
98.9%
99/CM/CroatiaLuka Modric
98.9%
98/CAM/BrazilNeymar
98.9%
98/CAM/BrazilPele
98.9%
97/LW/BrazilNeymar
98.9%
96/CAM/BrazilNeymar
98.9%
95/CF/BrazilPele
98.9%
94/CAM/BrazilNeymar
98.9%
93/LF/BrazilNeymar
98.9%
93/LW/BrazilNeymar
98.9%
92/CM/CroatiaLuka Modric
98.9%
92/LW/BrazilNeymar
98.9%
92/CM/CroatiaLuka Modric
98.9%
92/LW/BrazilNeymar
98.9%
98/ST/UruguayLuis Suarez
97.7%
95/ST/UruguayLuis Suarez
97.7%
94/ST/UruguayLuis Suarez
97.7%
93/ST/UruguayLuis Suarez
97.7%
92/ST/UruguayLuis Suarez
97.7%
92/ST/UruguayLuis Suarez
97.7%
98/ST/PolandRobert Lewandowski
96.6%
98/LW/BelgiumEden Hazard
96.6%
97/RW/EgyptMohamed Salah
96.6%
96/LW/BelgiumEden Hazard
96.6%
95/LW/BelgiumEden Hazard
96.6%
94/ST/PolandRobert Lewandowski
96.6%
94/LF/BelgiumEden Hazard
96.6%
93/ST/PolandRobert Lewandowski
96.6%
93/CF/BelgiumEden Hazard
96.6%
93/LW/BelgiumEden Hazard
96.6%
92/ST/PolandRobert Lewandowski
96.6%
92/LW/BelgiumEden Hazard
96.6%
97/RW/FranceKylian Mbappe
95.5%
96/ST/FranceKylian Mbappe
95.5%
97/GK/SpainDavid De Gea
95.5%
93/GK/SpainDavid De Gea
95.5%
92/GK/SpainDavid De Gea
95.5%
92/GK/SpainDavid De Gea
95.5%
98/CAM/ArgentiniaDiego Maradona
94.3%
97/CB/SpainSergio Ramos
94.3%
97/CAM/ArgentiniaDiego Maradona
94.3%
95/CB/SpainSergio Ramos
94.3%
95/CAM/ArgentiniaDiego Maradona
94.3%
93/CB/SpainSergio Ramos
94.3%
93/ST/SpainSergio Ramos
94.3%
92/CB/SpainSergio Ramos
94.3%
92/CB/SpainSergio Ramos
94.3%
96/LW/SenegalSadio Mane
93.2%
98/CAM/GermanyMarco Reus
92%
97/CAM/BelgiumKevin De Bruyne
92%
96/CB/SenegalKalidou Koulibaly
92%
94/CAM/GermanyMarco Reus
92%
93/CM/BelgiumKevin De Bruyne
92%
93/CB/SenegalKalidou Koulibaly
92%
93/CAM/BelgiumKevin De Bruyne
92%
93/CAM/GermanyMarco Reus
92%
92/CM/BelgiumKevin De Bruyne
92%
92/CB/SenegalKalidou Koulibaly
92%
92/CDM/SenegalKalidou Koulibaly
92%
92/CAM/GermanyMarco Reus
92%
92/CAM/BelgiumKevin De Bruyne
92%
96/CAM/DenmarkChristian Eriksen
90.9%
96/CDM/FranceN'Golo Kante
90.9%
93/CAM/DenmarkChristian Eriksen
90.9%
97/CF/FranceAntoine Griezmann
89.8%
96/CB/UruguayDiego Godin
89.8%
96/ST/GabunPierre-Emerick Aubameyang
89.8%
96/CB/FranceRaphael Varane
89.8%
93/ST/GabunPierre-Emerick Aubameyang
89.8%
93/RW/FranceAntoine Griezmann
89.8%
93/ST/ArgentiniaSergio Aguero
89.8%
93/ST/ArgentiniaSergio Aguero
89.8%
92/ST/GabunPierre-Emerick Aubameyang
89.8%
92/ST/FranceAntoine Griezmann
89.8%
96/CB/SpainGerard Pique
88.6%
96/ST/ArgentiniaSergio Aguero
88.6%
96/CB/NetherlandsVirgil Van Dijk
88.6%
96/CB/NetherlandsVirgil Van Dijk
88.6%
95/CB/NetherlandsVirgil Van Dijk
88.6%
94/CB/NetherlandsVirgil Van Dijk
88.6%
Hint Answer % Correct
93/CB/NetherlandsVirgil Van Dijk
88.6%
92/CB/SpainGerard Pique
88.6%
92/CB/NetherlandsVirgil van Dijk
88.6%
96/RW/EnglandRaheem Sterling
87.5%
96/RW/EnglandRaheem Sterling
87.5%
95/CB/BrazilThiago Silva
87.5%
95/GK/RussiaLev Yashin
87.5%
95/GK/SloveniaJan Oblak
87.5%
94/GK/RussiaLev Yashin
87.5%
92/GK/SloveniaJan Oblak
87.5%
92/RW/EnglandRaheem Sterling
87.5%
94/CM/PortugalBernardo Silva
86.4%
93/CAM/SpainDavid Silva
86.4%
96/RM/Ivory CoastNicolas Pepe
85.2%
95/ST/UruguayEdinson Cavani
84.1%
92/ST/UruguayEdinson Cavani
84.1%
96/RM/MoroccoHakim Ziyech
83%
92/RM/MoroccoHakim Ziyech
83%
95/CB/ItalyPaolo Maldini
81.8%
94/CB/ItalyPaolo Maldini
81.8%
95/GK/SwitzerlandYann Sommer
81.8%
92/GK/SwitzerlandYann Sommer
81.8%
92/CB/ItalyPaolo Maldini
81.8%
95/CM/FrancePaul Pogba
81.3%
96/RM/EnglandJadon Sancho
80.7%
96/ST/FranceKarim Benzema
78.4%
95/ST/SwedenZlatan Ibrahimovic
78.4%
92/ST/SwedenZlatan Ibrahimovic
78.4%
95/CB/ItalyGiorgio Chiellini
77.3%
95/RB/GermanyJoshua Kimmich
77.3%
95/ST/South KoreaHeung Min Son
77.3%
95/LW/BrazilRonaldinho
77.3%
94/LW/BrazilRonaldinho
77.3%
94/GK/BrazilEderson
77.3%
95/CDM/NetherlandsFrenkie De Jong
76.1%
94/RW/North IrlandGeorge Best
76.1%
95/GK/ItalyGianluigi Donnarumma
76.1%
93/RW/North IrlandGeorge Best
76.1%
92/CM/FrancePaul Pogba
76.1%
94/LB/BrazilMarcelo
75%
96/ST/ItalyFabio Quagliarella
73.9%
95/CF/NetherlandsJohan Cruyff
73.9%
94/ST/FranceThierry Henry
73.9%
94/CF/NetherlandsJohan Cruyff
73.9%
93/ST/WalesGareth Bale
73.9%
93/ST/FranceThierry Henry
73.9%
92/RW/WalesGareth Bale
73.9%
95/LM/SerbiaDusan Tadic
72.7%
95/CB/NetherlandsMatthijs De Ligt
72.7%
94/LB/SpainJordi Alba
72.7%
92/CB/NetherlandsMatthijs de Ligt
72.7%
94/RWB/FranceKenny Lala
71.6%
94/CF/PortugalEusebio
71.6%
95/GK/GermanyKevin Trapp
71.6%
93/CF/PortugalEusebio
71.6%
95/CAM/GermanyKai Havertz
70.5%
95/CB/BrazilMarquinhos
69.3%
94/LB/ScotlandAndrew Robertson
68.2%
94/RB/PortugalJoao Cancelo
67%
95/ST/SpainFernando Torres
67%
93/GK/DenmarkPeter Schmeichel
67%
92/GK/DenmarkPeter Schmeichel
67%
92/ST/SpainFernando Torres
67%
95/ST/BelgiumDries Mertens
65.9%
94/RB/EnglandTrent Alexander-Arnold
65.9%
93/CDM/ArgentiniaJaver Zanetti
65.9%
94/CB/ColumbiaDavinson Sanchez
65.9%
92/RB/ArgentiniaJavier Zanetti
65.9%
94/GK/BelgiumThibaut Courtois
65.6%
95/CAM/ArgentiniaAlejandro Gomez
64.8%
95/RW/MexicoCarlos Vela
63.6%
94/CM/ItalyMarco Verratti
63.6%
94/CF/NetherlandsRuud Gullit
63.6%
94/CAM/ItalyRoberto Baggio
63.6%
93/RW/AlgeriaRiyad Mahrez
63.6%
93/LM/WalesRyan Giggs
63.6%
93/CF/NetherlandsRuud Gullit
63.6%
93/CAM/ItalyRoberto Baggio
63.6%
92/LW/WalesRyan Giggs
63.6%
95/ST/GermanyTimo Werner
62.5%
94/CM/GermanyLothar Matthaus
62.5%
93/CF/BrazilRoberto Firmino
62.5%
93/CM/GermanyLothar Matthaus
62.5%
94/ST/SerbiaLuka Jovic
61.4%
93/LWB/SerbiaFilip Kostic
61.4%
92/LB/FranceBenjamin Mendy
60.9%
92/RW/MexicoHirving Lozano
60.6%
94/CF/GermanyThomas Muller
60.2%
95/GK/BrazilAlisson Becker
60.2%
92/RWB/GermanyDanny da Costa
60.2%
94/ST/SpainIago Aspas
59.1%
94/CAM/PortugalBruno Fernandes
58%
94/ST/FranceAlexandre Lacazette
58%
94/CB/FranceAymeric Laporte
58%
94/ST/NetherlandsMarco van Basten
58%
93/ST/NetherlandsMarco van Basten
58%
95/CF/ArgentiniaAngel Di Maria
56.8%
94/CM/SpainAndres Iniesta
56.8%
93/CDM/SpainSergio Busquets
56.8%
92/RW/ArgentiniaPaulo Dybala
56.8%
Hint Answer % Correct
93/RB/EnglandKyle Walker
56.1%
93/CDM/BrazilFernandinho
55.7%
92/LB/FranceFerland Mendy
55.7%
92/LB/BrazilRoberto Carlos
55.7%
93/RW/PortugalLuis Figo
54.5%
92/RW/PortugalLuis Figo
54.5%
95/CM/FranceHoussem Aouar
53.4%
94/CM/SpainPablo Sarabia
53.4%
94/LW/FranceOusmane Dembele
52.3%
93/GK/GermanyMarc-Andre ter Stegen
52.3%
93/LW/NetherlandsMemphis Depay
52.3%
93/CB/EnglandBobby Moore
52.3%
92/CM/EnglandSteven Gerrard
52.3%
92/CB/EnglandBobby Moore
52.3%
94/ST/SloveniaJosip Ilicic
51.1%
93/LW/FranceFranck Ribery
51.1%
93/RW/NetherlandsArjen Robben
51.1%
93/ST/EnglandGary Lineker
51.1%
92/ST/EnglandGary Lineker
51.1%
93/GK/ItalySalvatore Sirigu
50%
93/CB/ItalyFranco Baresi
50%
93/RM/FranceFlorian Thauvin
48.9%
93/CDM/BelgiumAxel Witsel
48.9%
93/CAM/BrazilRivaldo
48.9%
93/CB/SpainCarles Puyol
48.9%
92/CM/EnglandPaul Scholes
48.9%
92/CAM/DenmarkMichael Laudrup
48.9%
92/CB/SpainCarles Puyol
48.9%
92/LW/BrazilRivaldo
48.9%
93/LM/CroatiaIvan Perisic
48.5%
93/LB/BrazilAlex Sandro
47.7%
93/CF/NetherlandsDennis Bergkamp
47.7%
92/ST/SpainDavid Villa
47.7%
92/CF/NetherlandsDennis Bergkamp
47.7%
95/CDM/BrazilFabinho
47.5%
94/ST/NetherlandsRobin Van Persie
46.6%
93/CDM/SpainThiago
46.6%
92/ST/NetherlandsRobin van Persie
46.6%
92/CB/FranceLaurent Blanc
46.6%
94/RM/EcuadorAngel Mena
45.5%
94/ST/ArgentiniaMauro Icardi
45.5%
93/GK/ArgentiniaWalter Benitez
45.5%
93/CDM/BrazilCasemiro
45.5%
93/ST/NetherlandsRuud van Nistelrooy
45.5%
93/CB/ItalyFabio Cannavaro
45.5%
93/CB/GermanyJerome Boateng
45.5%
92/ST/NetherlandsRuud van NIstelrooy
45.5%
92/CB/ItalyFabio Cannavaro
45.5%
93/CB/TogoDakonam Djene
44.3%
92/CB/ItalyAlessandro Nesta
44.3%
92/CF/SpainRaul
44.3%
93/LW/ItalyAlessandro Del Piero
43.2%
92/ST/EnglandAlan Shearer
43.2%
92/CB/FranceMarcel Desailly
43.2%
92/LM/FranceRobert Pires
43.2%
92/CF/ItalyAlessandro Del Piero
43.2%
93/CM/AustriaDavid Alaba
42.6%
93/LB/BrazilAlex Telles
42%
92/LM/EgyptTrezeguet
42%
92/CM/FrancePatrick Vieira
42%
92/CAM/BrazilSocrates
42%
92/ST/BulgariaHristo Stoichkov
42%
93/CB/GreeceKostas Manolas
41%
93/ST/ItalyCiro Immobile
40.9%
94/ST/ColumbiaDuvan Zapata
39.8%
93/ST/IsraelMunas Dabbur
39.8%
92/ST/NetherlandsPatrick Kluivert
39.8%
92/ST/SpainEmilio Butragueno
39.8%
93/CB/ItalyArmando Izzo
38.6%
92/LB/ArgentiniaNicolas Tagliafico
38.6%
92/ST/NigeriaAhmed Musa
37.9%
92/CB/NetherlandsDaley Blind
37.5%
92/LWB/GermanyNico Schulz
37.5%
93/ST/FranceWissam Ben Yedder
36.4%
93/CAM/GermanyJulian Brandt
35.2%
93/CM/SpainDaniel Parejo
34.1%
93/RM/PortugalPizzi
34.1%
92/CAM/NetherlandsClarence Seedorf
31.8%
93/CDM/FranceTeji Savanier
30.7%
93/CAM/BelgiumRadja Nainggolan
28.4%
93/CM/GermanyKerem Demirbay
28.4%
92/LW/BrazilVinicius Junior
28.4%
93/CM/SpainSanti Cazorla
27.3%
92/CDM/BrazilThiago Mendes
27.3%
93/ST/DenmarkYussuf Poulsen
26.2%
92/CM/CroatiaMateo Kovacic
25.8%
93/ST/SenegalMbaye Diagne
25%
92/LM/ItalyStephan El Shaarawy
22.7%
92/CDM/GermanyLeon Goretzka
22.7%
93/ST/FranceAndre-Pierre Gignac
21.6%
92/CM/ArgentiniaRodrigo De Paul
21.6%
92/CB/FrancePresnel Kimpembe
21.6%
93/ST/BrazilJonas
18.2%
92/CM/SpainFabian
17%
92/CB/BrazilEder Militao
17%
92/LM/BrazilFelipe Anderson
15.6%
92/ST/BrazilRicharlison
10.9%
92/CM/BrazilRenato Augusto
5.7%
93/CB/BelgiumToby Alderwerield
3.4%
92/CF/GermanyMax Kurse
0%

You're not logged in!

Compare scores with friends on all Sporcle quizzes.
OR
Log In

Sporcle TV

Today on Sporcle TV


Watch our educational content, quiz creation guides, and fun videos on Sporcle TV.

Show Comments

Extras

Created Jul 5, 2019ReportNominate
Tags:FIFA 19

Top Quizzes Today


Score Distribution

Paid Content

Your Account Isn't Verified!

In order to create a playlist on Sporcle, you need to verify the email address you used during registration. Go to your Sporcle Settings to finish the process.

Report this User

Report this user for behavior that violates our Community Guidelines.

Details: